00505nam a22001937a 450000500170000001000130001702000110003003500130004103700160005404000120007008200130008224500490009526000390014427000500018330000240023365000140025765000210027170000190029220170124110227.0 aA-710366 c150.00 aA-710366 bCen Lib/Ret aDPLbEN a921bSTU aA study of Nehru /cedited by Rafiq Zakaria  aCalcutta bRupa and company c1989 bCalcutta a25 Bankim Chaterjee streete700073 axvi,611p.c23cm(Hb) aBiography aPrime ministers  aRafiq Zakaria